01254nam a22002657a 4500003000400000005001700004008004100021020001800062040002500080082001600105100003200121245005500153260003700208300002100245500007200266500016500338504002300503590002700526910001400553942001400567952012600581952013200707952013200839999001700971OSt20220411083905.0110301s2021 dr ac 000 0 spa d a9789945808261 aDO-SdBNPbspacBNPHU axxxxbB862m1 aBrito, Juan Raul E. 95301813aEl monciòn que se nos fue /cJuan Raul E. Brito  aSanto Domingo :b[S.N.]. c2021. a249 p. :c23 cm. aIncluye datos biográficos del autor en la solapa de la portada.  aUna narración libre, salpicada con estampas de mi pueblo y tintes autobiográficos, que narra cómo Monción se ha transformado con el paso de los años.  aBiografía p: 248 aInventariado, 2022/ YL aYLockward 2ddccLBS1 00102ddc53708PDaBNPHUbBNPHUcCTd2022-02-01eEditora Búhol0oxxxx B862mp2022-1343r2022-04-11w2022-04-11yLBS1 00102ddc53708PDaBNPHUbBNPHUcCTd2022-02-01eEditora Búhol0oxxxx B862mp2022-1344r2022-04-11te. 2w2022-04-11yLBS1 00102ddc56708PDaBNPHUbBNPHUcCTd2022-02-01eEditora Búhol0oxxxx B862mp2022-1345r2022-04-11te. 3w2022-04-11yLBS1 c51522d51522